| 000 | 00443nam a22001457a 4500 | ||
|---|---|---|---|
| 082 |
_a620.112 _bSHA _cL-N, P-35 |
||
| 100 |
_aIrving H. Shames _926227 |
||
| 245 |
_aEngineering mechanics _bstatics and dynamics _cShames, H. irving |
||
| 250 | _a4th ed. | ||
| 260 |
_aNew Delhi _bPrentice hall of india private ltd. _c1996 |
||
| 300 |
_axvi, 1024 p. _bill. |
||
| 526 |
_a0 _b0 _c0 _d620_112000000000000_SHA |
||
| 650 |
_aMCE _9379 |
||
| 942 |
_2ddc _cBK |
||
| 999 |
_c544877 _d544877 |
||